| 000 | 01123nam2a2200265 4500 | ||
|---|---|---|---|
| 001 | RU\NLR\BIBL_A\022519020 | ||
| 005 | 20250806203702.0 | ||
| 035 | _a(NLR Aleph) 022519020 | ||
| 090 |
_a87995 _c87995 |
||
| 100 | _a20250410d1944 d y0rusy50 ca | ||
| 101 | 0 | _atuk | |
| 102 | _aTM | ||
| 105 | _aa z 000 y | ||
| 181 | 0 |
_ai _baxxe |
|
| 182 | 0 | _an | |
| 200 | 0 |
_aIV бѳлек _e... 4-нҗи класы ... _fН. С. Попова ве А. С.Пчёлко |
|
| 203 |
_aТекст _bвизуальный _cнепосредственный |
||
| 205 | _a5-нҗ и нешири | ||
| 210 | _d1944 | ||
| 215 |
_a110,[2] c. _cил. |
||
| 461 | 0 |
_1001RU\NLR\BIBL_A\022518814 _12001#$aАрифметика меселелериниң ве гѳнүкмелериниң йыгындысы$eбашлангыч мектебиң ... үчин$fН. С. Попова$vЧ.4 _1700#1$aПопова$bН. С.$cпедагог-математик$f1885-1975$gНаталья Сергеевна$4070$3RU\NLR\AUTH\770198576 |
|
| 942 | _cBOOK | ||
| 945 | _aРоссийская национальная библиотека | ||
| 980 | _aBV | ||